[Event "Euskadi-ch U18"]
[Site "Eibar"]
[Date "2016.04.02"]
[Round "8.5"]
[White "Zuloaga Erauskin, Markel"]
[Black "Ruiz De Arcaute Jimenez, Josu"]
[Result "1-0"]
[WhiteElo "1827"]
[BlackElo "1354"]
[PlyCount "79"]
[EventDate "2016.03.29"]
[EventType "tourn"]
[EventRounds "9"]
[EventCountry "ESP"]
[SourceTitle "EXT 2024"]
[Source "ChessBase"]
[SourceDate "2023.10.10"]
[SourceVersion "1"]
[SourceVersionDate "2023.10.10"]
[SourceQuality "1"]

1. d4 d5 2. Nf3 Nf6 3. e3 Bg4 4. Be2 e6 5. 0-0 Bd6 6. Nbd2 c5 7. c3 Nbd7 8. b3 0-0 9. Bb2 Qc7 10. h3 Bh5 11. Rc1 Rfb8 12. c4 Qa5 13. Bc3 Qb6 14. Qc2 Rc8 15. Qb2 Rc7 16. dxc5 Bxc5 17. b4 Bxe3 18. fxe3 Qxe3+ 19. Rf2 Rac8 20. Bd4 Qh6 21. Re1 dxc4 22. Rc1 b5 23. Nf1 Ne4 24. Be3 g5 25. h4 Nxf2 26. hxg5 Qg6 27. Kxf2 Bxf3 28. Bxf3 c3 29. Qe2 Ne5 30. Kg1 Qd3 31. Bc5 Qxe2 32. Bxe2 Nd7 33. Bd6 Rc6 34. Bg3 a6 35. Bf3 Rc4 36. a3 Nb6 37. Bb7 Rd8 38. Ne3 Re4 39. Bc7 Rd7 40. Bxb6 1-0

[Event "Euskadi-ch U18"]
[Site "Eibar"]
[Date "2016.03.31"]
[Round "4.3"]
[White "Lagos Lejarraga, Jon"]
[Black "Ruiz De Arcaute Jimenez, Josu"]
[Result "1-0"]
[WhiteElo "1919"]
[BlackElo "1354"]
[PlyCount "57"]
[EventDate "2016.03.29"]
[EventType "tourn"]
[EventRounds "9"]
[EventCountry "ESP"]
[SourceTitle "EXT 2024"]
[Source "ChessBase"]
[SourceDate "2023.10.10"]
[SourceVersion "1"]
[SourceVersionDate "2023.10.10"]
[SourceQuality "1"]

1. e4 e5 2. Nf3 Nc6 3. Bb5 a6 4. Ba4 Nf6 5. 0-0 d6 6. Re1 Bg4 7. d3 Be7 8. c3 b5 9. Bc2 0-0 10. Nbd2 Nb8 11. Nf1 c5 12. Ng3 Nc6 13. h3 Be6 14. d4 cxd4 15. cxd4 Nb4 16. Bb3 d5 17. Nxe5 dxe4 18. Bxe6 fxe6 19. a3 Nbd5 20. Nc6 Qb6 21. Nxe7+ Nxe7 22. Nxe4 Rad8 23. Nc5 Nf5 24. Nxe6 Rxd4 25. Nxd4 Nxd4 26. Be3 Rd8 27. Bxd4 Rxd4 28. Qb3+ Rc4 29. Rac1 1-0